| 000 | 00949nam a2200313 c 4500 | ||
|---|---|---|---|
| 001 | 17206 | ||
| 003 | ES-MaCES | ||
| 005 | 20141221122452.0 | ||
| 008 | 050119s2004 sp f o000 | spa d | ||
| 017 |
_aM 568-2004 _bDL |
||
| 020 | _a8474917492 | ||
| 035 | _aCES20050000415m | ||
| 040 |
_aES-MaCES _bspa _cES-MaCES |
||
| 100 | 1 |
_aHernández Andreu, Juan _914660 |
|
| 245 | 1 | 0 |
_aEconomía política de la transición en España (1973-1980) _cJuan Hernández Andreu |
| 260 |
_aMadrid _bEditorial Complutense _c[2004] |
||
| 300 |
_aXXI, 130 p. _c24 cm |
||
| 504 | _aBibliografía: p. 129-130 | ||
| 541 | _cCompra | ||
| 650 | 4 |
_ateoría económica _927076 |
|
| 650 | 4 |
_adesarrollo político _929225 |
|
| 650 | 4 |
_aEspaña _926964 |
|
| 650 | 4 |
_a1973-1980 _931803 |
|
| 650 | 4 |
_ahistoria _927251 |
|
| 653 | 1 | 0 | _aCiencias Sociales-Políticas |
| 902 | _aLIB Libro | ||
| 942 |
_2CES _cBK _h7.0. |
||
| 999 |
_c17206 _d17206 |
||